Lüftungs- und Klimazentralgeräte
Uložené v:
| Korporatívny autor: | |
|---|---|
| Médium: | Kniha |
| Jazyk: | German |
| Vydané: |
2002
|
| Fyzický popis: |
zlož. l. |
| Tagy: |
Pridať tag
Žiadne tagy, Buďte prvý kto otaguje tento záznam!
|
Titul je dostupný aj v ... 

MARC
| LEADER | 00000nam a2200000 a 4500 | ||
|---|---|---|---|
| 001 | 000327310 | ||
| 005 | 20050420134321.0 | ||
| 008 | 050420s2002 e gero | ||
| 040 | |a KE001 |b slo | ||
| 080 | |a 697.9 |2 undef | ||
| 110 | 2 | |a HUBER + RANNER Lüftungs- und Klimazentralgeräte (Gewerbering 15, D-94060 Pocking, Nemecko) |4 aut | |
| 245 | 1 | 0 | |a Lüftungs- und Klimazentralgeräte |
| 260 | |c 2002 | ||
| 300 | |a zlož. l. | ||
| 850 | |a KE001 | ||
| 998 | |a FL | ||
| 992 | |a FFP | ||
| 090 | |g SCKHL |k SK42 |a 697.9 |j 210482 |i I1074 |4 zastaraná |s Vyradená | ||